000 02371 a2200253 4500
001 49815
005 20260407155759.0
008 260407a1995 arg spa d
003 AR-UNSa-BCEJYS
040 _aAR-UNSa-BCEJYS
_bspa
_cAR-UNSa-BCEJYS
080 _a330.34
_xDesarrollo Económico
245 1 0 _aDesarrollo del análisis económico
020 _a84-8086-176-3
264 1 _aBarcelona :
_bIrwin
_c1995
300 _axvi, 616 p.
_c23 cm.
505 _aPARTE I: Economía preclásica: 1. Las obras maestras de la antigüedad como fuentes del pensamiento económico - 2. Los orígenes de la economía analítica - 3. La transición a la economía clásica -- PARTE II: La economía clásica: 4. La fisiocracia: El comienzo de la economía analítica - 5. Adam Smith: de la Filosofía moral a la economía política - 6. La economía política del comportamiento de la población y de la demanda agregada - 7. Análisis económico de las participaciones distributivas - 8. El clasicismo madura - 9. Revisión de la teoría clásica -- PARTE III: Los críticos del clasicismo: 10. Una investigación sobre la “ley del movimiento” del sistema capitalista - 11. Los precursores del marginalismo - 12. La primera generación de marginalistas: Jevons, Walras y Menger - 13. La segunda generación de marginalistas -- PARTE IV: La tradición neoclásica, 1890-1945: 14. Alfred Marshall y la tradición neoclásica - 15. La nueva teoría del bienestar y del comportamiento del consumidor - 16. Chamberlain, Robinson y otros teóricos del precio - 17. Los teóricos neoclásicos monetarios y del ciclo de negocios -- PARTE V: La disidencia del neoclasicismo, 1890-1945: 18. La disidencia de los institucionalistas estadounidenses - 19. Socialismo sin marxismo - 20. La economía de menos del pleno empleo de J. M. Keynes -- PARTE VI: Mas allá de la alta teoría: 21. El surgimiento de la econometría como disciplina hermana de la economía - 22. Los Keynesianos, neo-walrasianos y monetarias - 23. La tradición de Chicago - 24. Algunas controversias modernas.
041 _aspa
942 _cBK
590 _aniveau_biblio:m niveau_hierar:0
100 1 _aRima, Ingrid Hahne
700 1 _aMondragón Ramírez, Alejandro
700 1 _aMcCadden, Carlos
856 4 1 _uhttps://www.biblioeco.unsa.edu.ar/pmb/images/libros/L128187.jpg
_yImagen de portada
_qimage/jpeg
999 _c4886
_d4886